000 00724nas a2200241 4500
001 BR8201604
003 BR-BrBNA
005 20231205085103.0
007 ta
008 230509b bl.|||p| |||| 00| 00por d
040 _aBR-BrBNA
_bpor
_cBiblioteca Nacional de Agricultura
041 _a(Pt)
072 _aF00
100 1 _aVieira, C.
100 1 _aChagas, J.M.
245 1 _aPlantio de feijao de inverno [Brasil]
650 _aFEIJAO
650 _aPLANTIO
650 _aCULTURA DE INVERNO
773 0 _tInforme Agropecuario - Empresa de Pesquisa Agropecuaria de Minas Gerais (Brazil)
_xISSN 0100-3364
_g(Jun 1982), v. 8(90) p. 46-48
_wBR8201604
909 _a202311
_bLúcia
_c55
_dLúcia Elande
942 _2AGRIS
_n0
_cANA
999 _c109121
_d109121